[Event "Manhem Chessweek IM 2009"]
[Site "?"]
[Date "2009.08.01"]
[Round "1"]
[White "Figura, Atila Gajo"]
[Black "Wengholm, Anders"]
[Result "1/2-1/2"]
[WhiteElo "2436"]
[BlackElo "2175"]
[PlyCount "133"]
[EventDate "2009.08.01"]

1. d4 d5 2. c4 c6 3. Nc3 e6 4. e3 Nf6 5. Nf3 Nbd7 6. Qc2 Bd6 7. g4 Bb4 8. Bd2
b6 9. cxd5 Bxc3 10. Bxc3 cxd5 11. Bb4 Bb7 12. Ne5 Nxe5 13. dxe5 Nd7 14. Bd6 Rc8
15. Qd2 f6 16. Bb5 fxe5 17. Bxe5 O-O 18. Bg3 Nc5 19. O-O Ne4 20. Qd4 Rc5 21.
Bd3 Qg5 22. Kg2 Nxg3 23. fxg3 e5 24. Rxf8+ Kxf8 25. Rf1+ Ke7 26. Rf5 Qxf5 27.
Qxc5+ bxc5 28. gxf5 e4 29. Bb5 Kf6 30. Bd7 Ke5 31. Kf2 d4 32. Ke2 Bd5 33. a3 a5
34. Kd2 Bc4 35. Bc8 Bb3 36. Bd7 Bf7 37. g4 Bc4 38. h4 Bf1 39. g5 d3 40. Ke1 Be2
41. Kd2 Bh5 42. Kc3 Kd6 43. Bc8 Kc7 44. Be6 Bg4 45. Kd2 Kd8 46. Kc3 Ke7 47. Bc8
Kf8 48. Bb7 Bxf5 49. Bd5 Ke7 50. Kd2 Kd6 51. Bb7 Ke5 52. Bc6 Be6 53. Kc3 Bg4
54. Kd2 Bf5 55. Kc3 Kd6 56. Bb7 Ke7 57. Bd5 g6 58. Kd2 Kf8 59. Kc3 Kg7 60. Bc6
h6 61. Kd2 hxg5 62. hxg5 Kf7 63. Kc3 Ke7 64. Kd2 Kd6 65. Be8 Ke7 66. Bc6 Ke6
67. Be8 1/2-1/2

[Event "Manhem Chessweek IM 2009"]
[Site "?"]
[Date "2009.08.01"]
[Round "1"]
[White "Nithander, Victor"]
[Black "Holvason, Juri"]
[Result "1/2-1/2"]
[WhiteElo "2422"]
[BlackElo "2118"]
[PlyCount "97"]
[EventDate "2009.08.04"]

1. e4 c5 2. Nf3 Nc6 3. d4 cxd4 4. Nxd4 Nf6 5. Nc3 e5 6. Ndb5 d6 7. Bg5 a6 8.
Na3 b5 9. Nd5 Qa5+ 10. Bd2 Qd8 11. Nxf6+ Qxf6 12. c4 Qg6 13. f3 Be7 14. Be3 b4
15. Nc2 O-O 16. Qd2 Kh8 17. Bd3 f5 18. exf5 Bxf5 19. Bxf5 Rxf5 20. O-O a5 21.
b3 Raf8 22. Kh1 Rh5 23. Rad1 Nd8 24. Bg1 Ne6 25. Ne3 Rh4 26. Nd5 Bg5 27. Qe1
Rh6 28. Qe4 Qh5 29. Qg4 Qf7 30. g3 Bd8 31. Be3 Rg6 32. Qe4 h5 33. f4 Qf5 34.
Qxf5 Rxf5 35. Bb6 Bxb6 36. Ne7 Rff6 37. Nxg6+ Rxg6 38. f5 Rf6 39. fxe6 Rxe6 40.
Kg2 Kh7 41. Rde1 e4 42. Rf5 Kg6 43. Rb5 Bc5 44. Rxa5 e3 45. Re2 Kf5 46. a3 Ke4
47. axb4 Bxb4 48. Rd5 Bc5 49. Rd1 1/2-1/2

[Event "Manhem Chessweek IM 2009"]
[Site "?"]
[Date "2009.08.01"]
[Round "1"]
[White "Frisk Kockum, Anton"]
[Black "Moberg, Karl Johan"]
[Result "1/2-1/2"]
[WhiteElo "2255"]
[BlackElo "2277"]
[PlyCount "91"]
[EventDate "2009.08.01"]

1. d4 Nf6 2. Nf3 g6 3. c4 Bg7 4. g3 O-O 5. Bg2 d5 6. cxd5 Nxd5 7. O-O Nb6 8.
Nc3 Nc6 9. d5 Na5 10. e4 c6 11. Bg5 h6 12. Bf4 Nac4 13. Qe2 cxd5 14. Nxd5 Nxd5
15. exd5 Nd6 16. Rfe1 Re8 17. Be5 Bg4 18. Bxg7 Kxg7 19. Qe5+ Kh7 20. Nd4 Qb6
21. b3 Rac8 22. Qf4 Bd7 23. Re5 f6 24. Re2 Nf7 25. h4 Qd6 26. Qd2 h5 27. Rae1
Ne5 28. Nf3 Nxf3+ 29. Bxf3 Bf5 30. Be4 Bg4 31. f3 Bd7 32. f4 Kg7 33. Qd3 Qc5+
34. Re3 f5 35. Bg2 Qd6 36. Qe2 Kf7 37. Bf3 Qf6 38. Qd1 Qd6 39. Bxh5 gxh5 40.
Qxh5+ Kg7 41. Qg5+ Kf8 42. Re6 Bxe6 43. Qh6+ Kg8 44. Qg6+ Kh8 45. Qh5+ Kg8 46.
Qg6+ 1/2-1/2

[Event "Manhem Chessweek IM 2009"]
[Site "?"]
[Date "2009.08.01"]
[Round "1"]
[White "Vang Glud, Jakob"]
[Black "Carlhammar, Magnus"]
[Result "1-0"]
[WhiteElo "2462"]
[BlackElo "2352"]
[PlyCount "147"]
[EventDate "2009.08.01"]

1. c4 e6 2. d4 d5 3. Nf3 Nf6 4. Nc3 Be7 5. Bf4 O-O 6. e3 c5 7. dxc5 Bxc5 8. a3
Nc6 9. cxd5 Nxd5 10. Nxd5 exd5 11. Bd3 Bb6 12. O-O d4 13. e4 Bg4 14. h3 Bh5 15.
Re1 f6 16. Rc1 Rc8 17. Bc4+ Bf7 18. Qd3 Bc7 19. Bxc7 Rxc7 20. Bxf7+ Rfxf7 21.
Rc5 Rfe7 22. Rec1 Rcd7 23. b4 Re8 24. Nd2 Qe7 25. f4 a6 26. h4 Qe6 27. h5 h6
28. Kf2 Qg4 29. Qb3+ Kh8 30. Qf3 Qe6 31. Kg3 d3 32. Qg4 Qf7 33. Qg6 Qg8 34. Kh2
Red8 35. R5c4 Qe6 36. R1c3 Ne7 37. Qg3 f5 38. e5 Qf7 39. Qf3 Nc6 40. Qh3 Na7
41. a4 b5 42. axb5 Nxb5 43. Rc1 Nd4 44. Rc8 Nc2 45. Rc6 Nd4 46. Rxa6 Qe7 47.
Rc4 Ne2 48. Rac6 Rd4 49. Rc7 R4d7 50. Rxd7 Qxd7 51. Qh4 Ra8 52. b5 Qa7 53. Qe1
Qf7 54. g3 Qxh5+ 55. Kg2 Qf7 56. Qb1 Qd5+ 57. Kh2 Rb8 58. b6 Qa5 59. Qxd3 Nxg3
60. Kxg3 Qxb6 61. Rd4 Qg6+ 62. Kf2 Kh7 63. Qh3 Rb2 64. Qc3 Ra2 65. Qg3 Qb6 66.
Qe3 Qg6 67. Rd6 Qh5 68. Qg3 g5 69. fxg5 Qxg5 70. Rd7+ Kg6 71. Qg2 Kh5 72. Qf3+
Kg6 73. Rd6+ Kf7 74. Qd5+ 1-0

[Event "Manhem Chessweek IM 2009"]
[Site "?"]
[Date "2009.08.01"]
[Round "1"]
[White "Svensson, Bengt"]
[Black "Lund, Silas"]
[Result "1-0"]
[WhiteElo "2389"]
[BlackElo "2412"]
[PlyCount "93"]
[EventDate "2009.08.01"]

1. e4 e5 2. Nf3 Nc6 3. Bb5 Nf6 4. Nc3 Bd6 5. O-O O-O 6. Re1 Re8 7. a3 h6 8. h3
a6 9. Bxc6 dxc6 10. d4 Nd7 11. Be3 f6 12. Qd3 Nf8 13. Rad1 Ng6 14. dxe5 fxe5
15. Bc5 Nf4 16. Qe3 Qf6 17. Bxd6 cxd6 18. Ne2 d5 19. Nxf4 exf4 20. Qb3 Be6 21.
Qxb7 dxe4 22. Rxe4 Bd5 23. Rxe8+ Rxe8 24. Qd7 Re2 25. Nd4 Re5 26. c4 Kh7 27.
cxd5 Rxd5 28. Qb7 Rxd4 29. Rxd4 Qxd4 30. Qxc6 Qxb2 31. Qxa6 Qa1+ 32. Kh2 Qe5
33. Qd3+ g6 34. f3 h5 35. Qe4 Qg5 36. a4 Qg3+ 37. Kg1 Qg5 38. Qb4 Qe5 39. a5
Qe3+ 40. Kh2 Qe5 41. a6 Qe3 42. Qb7+ Kh6 43. a7 Qf2 44. Qe7 Qa2 45. Qf8+ Kg5
46. h4+ Kxh4 47. Qxf4# 1-0

[Event "Manhem Chessweek IM 2009"]
[Site "?"]
[Date "2009.08.02"]
[Round "2"]
[White "Lund, Silas"]
[Black "Holvasson, Juri"]
[Result "1-0"]
[WhiteElo "2412"]
[BlackElo "2118"]
[PlyCount "87"]
[EventDate "2009.08.01"]

1. d4 Nf6 2. c4 g6 3. Nc3 Bg7 4. Nf3 O-O 5. Bg5 d6 6. e3 Nbd7 7. Qc2 h6 8. Bh4
c6 9. Rd1 Qc7 10. Be2 e5 11. O-O Re8 12. h3 Nf8 13. dxe5 dxe5 14. Nd2 Bf5 15.
Bd3 Bxd3 16. Qxd3 Rad8 17. Qc2 Rd7 18. Bxf6 Bxf6 19. Nde4 Bg7 20. Rxd7 Nxd7 21.
g4 Nf8 22. Rd1 Ne6 23. Ng3 Qe7 24. Nce4 h5 25. Kg2 h4 26. Ne2 f5 27. Nd6 Rf8
28. gxf5 gxf5 29. Kh1 Qf6 30. Nxb7 Ng5 31. Ng1 f4 32. Nc5 Re8 33. Nd7 Qe7 34.
Qf5 fxe3 35. fxe3 Rd8 36. c5 Ne6 37. Rd6 Re8 38. Nf3 a5 39. Nfxe5 Nxc5 40. Nf6+
Bxf6 41. Rxf6 Ne4 42. Rg6+ Kh8 43. Qh5+ Qh7 44. Nf7# 1-0

[Event "Manhem Chessweek IM 2009"]
[Site "?"]
[Date "2009.08.02"]
[Round "2"]
[White "Wengholm, Anders"]
[Black "Vang Glud, Jakob"]
[Result "0-1"]
[WhiteElo "2462"]
[BlackElo "2175"]
[PlyCount "88"]
[EventDate "2009.08.01"]

1. Nf3 Nf6 2. c4 e6 3. b3 a6 4. g3 b5 5. Bg2 Bb7 6. O-O c5 7. d3 d6 8. e4 Nbd7
9. Nh4 Be7 10. f4 O-O 11. Nc3 Ne8 12. Nf3 Bf6 13. Bb2 bxc4 14. bxc4 Rb8 15. Rb1
Qa5 16. Qc2 Nc7 17. Ba1 Ba8 18. h3 Rb4 19. Rxb4 cxb4 20. Ne2 Bxa1 21. Rxa1 e5
22. Nc1 Ne6 23. fxe5 Nxe5 24. Nb3 Qb6+ 25. Kh2 Nxf3+ 26. Bxf3 a5 27. Rf1 a4 28.
Nc1 Bc6 29. Qf2 Qxf2+ 30. Rxf2 f5 31. Rb2 fxe4 32. Bxe4 Bxe4 33. dxe4 Nc5 34.
Kg2 b3 35. axb3 axb3 36. Rb1 Rb8 37. Kf3 b2 38. Ne2 Rb3+ 39. Kf4 Ne6+ 40. Kg4
g6 41. h4 h5+ 42. Kh3 Kf7 43. Kg2 Kf6 44. Nf4 Nc5 0-1

[Event "Manhem Chessweek IM 2009"]
[Site "?"]
[Date "2009.08.02"]
[Round "2"]
[White "Moberg, Karl Johan"]
[Black "Figura, Atila Gajo"]
[Result "1/2-1/2"]
[WhiteElo "2277"]
[BlackElo "2436"]
[PlyCount "101"]
[EventDate "2009.08.01"]

1. d4 Nf6 2. c4 e6 3. Nf3 b6 4. e3 Bb7 5. Bd3 d5 6. cxd5 exd5 7. O-O Bd6 8. Nc3
O-O 9. b3 a6 10. Bb2 Nbd7 11. Rc1 Qe7 12. Ne2 Ne4 13. Ng3 f5 14. Qc2 c6 15. Qe2
a5 16. a4 Rf6 17. Rc2 Raf8 18. Rfc1 Rh6 19. Nf1 g5 20. g3 g4 21. Bxe4 fxe4 22.
Ne1 Qg5 23. Ng2 Nb8 24. Nf4 Qg7 25. Ra1 Ba6 26. Qd1 Rf5 27. Rac1 Bxf1 28. Qxf1
Bxf4 29. exf4 Rfh5 30. h4 gxh3 31. Kh2 Rg6 32. Qe2 Rf5 33. Qd2 h5 34. Ba3 h4
35. Qe3 Kf7 36. b4 axb4 37. Bxb4 Qh6 38. a5 bxa5 39. Bxa5 Nd7 40. Bd8 hxg3+ 41.
fxg3 Nf6 42. Bxf6 Rfxf6 43. Rb1 Rg8 44. Rb7+ Kg6 45. Rc7 Kf5 46. Re7 Re6 47.
Rf7+ Kg6 48. Rc7 Kf5 49. Rf7+ Kg6 50. Rc7 Kf5 51. Rf7+ 1/2-1/2

[Event "Manhem Chessweek IM 2009"]
[Site "?"]
[Date "2009.08.02"]
[Round "2"]
[White "Svensson, Bengt"]
[Black "Frisk Kockum, Anton"]
[Result "1/2-1/2"]
[WhiteElo "2389"]
[BlackElo "2255"]
[PlyCount "132"]
[EventDate "2009.08.01"]

1. e4 e6 2. d4 d5 3. Nc3 Bb4 4. e5 Qd7 5. Bd2 b6 6. Bb5 c6 7. Ba4 Ba6 8. Nce2
Bxd2+ 9. Qxd2 Bb5 10. Bxb5 cxb5 11. Nf3 Ne7 12. Nf4 h5 13. O-O Nbc6 14. Ng5 Nf5
15. c3 O-O-O 16. b4 Qe7 17. Nd3 h4 18. Rfe1 h3 19. g3 Rd7 20. f4 Rc7 21. a4
bxa4 22. Rxa4 Kb8 23. Qa2 Rhc8 24. Ra1 f6 25. Nf3 Qd7 26. Ra6 Rb7 27. Kf2 Nce7
28. Ra3 Rc4 29. g4 Nh6 30. exf6 Nxg4+ 31. Kg3 gxf6 32. Kxg4 e5+ 33. Kg3 e4 34.
Nde5 fxe5 35. Nxe5 Nf5+ 36. Kf2 Qh7 37. Nxc4 Qh4+ 38. Kf1 dxc4 39. Rxa7 Qxf4+
40. Kg1 Qg4+ 41. Kf1 Qg2+ 42. Ke1 Qg1+ 43. Ke2 Qxh2+ 44. Ke1 Qg1+ 45. Kd2 Qg5+
46. Kd1 Qg1+ 47. Kd2 e3+ 48. Kc2 Qg2+ 49. Kc1 Qd2+ 50. Kb1 Qd1+ 51. Kb2 Qe2+
52. Kc1 Qe1+ 53. Kb2 Qf2+ 54. Kc1 Qg1+ 55. Kb2 Qh2+ 56. Kc1 Qh1+ 57. Kb2 Qg2+
58. Kc1 Qf1+ 59. Kb2 Qf2+ 60. Kc1 Qe1+ 61. Kb2 Qd2+ 62. Kb1 Qxa2+ 63. R7xa2 Re7
64. Kc2 Ng3 65. Ra8+ Kc7 66. Rh8 e2 1/2-1/2

[Event "Manhem Chessweek IM 2009"]
[Site "?"]
[Date "2009.08.03"]
[Round "3"]
[White "Figura, Atila Gajo"]
[Black "Svensson, Bengt"]
[Result "1/2-1/2"]
[WhiteElo "2436"]
[BlackElo "2389"]
[PlyCount "71"]
[EventDate "2009.08.01"]

1. d4 d5 2. c4 dxc4 3. Nf3 Nf6 4. e3 e6 5. Bxc4 c5 6. O-O a6 7. Bb3 Nc6 8. Nc3
b5 9. Qe2 Bb7 10. Rd1 Qc7 11. d5 exd5 12. Nxd5 Nxd5 13. Bxd5 Be7 14. e4 O-O 15.
a4 c4 16. axb5 axb5 17. Rxa8 Rxa8 18. Ng5 Bxg5 19. Bxg5 Ne7 20. Qd2 h6 21. Bf4
Qb6 22. h3 Ng6 23. Be3 Qc7 24. Qb4 Rb8 25. Ba7 Ra8 26. Bc5 Nf4 27. Bd6 Nxd5 28.
exd5 Qd7 29. Qc5 Rc8 30. Qb6 f6 31. f3 Kh7 32. Kh1 Ra8 33. Qc5 Rc8 34. Qb6 Ra8
35. Qc5 Rc8 36. Qb6 1/2-1/2

[Event "Manhem Chessweek IM 2009"]
[Site "?"]
[Date "2009.08.03"]
[Round "3"]
[White "Nithander, Victor"]
[Black "Wengholm, Anders"]
[Result "1-0"]
[WhiteElo "2422"]
[BlackElo "2175"]
[PlyCount "71"]
[EventDate "2009.08.01"]

1. e4 d6 2. d4 Nf6 3. Nc3 g6 4. f4 Bg7 5. Nf3 c5 6. Bb5+ Bd7 7. e5 Ng4 8. Bxd7+
Qxd7 9. d5 dxe5 10. h3 e4 11. hxg4 exf3 12. Qxf3 Na6 13. Bd2 O-O-O 14. O-O-O e6
15. dxe6 Qxe6 16. f5 Qf6 17. Kb1 Nb4 18. Bc1 Rxd1 19. Rxd1 Rd8 20. Ne4 Qe5 21.
Rxd8+ Kxd8 22. a3 gxf5 23. gxf5 Nc6 24. f6 Bf8 25. Ng5 Ke8 26. Nxh7 Bd6 27. g4
Qg3 28. Qe2+ Kd7 29. Ng5 Ne5 30. Qb5+ Kc7 31. Ne4 Qxg4 32. Nxd6 Kxd6 33. Qxb7
Qd7 34. Qa6+ Nc6 35. Qd3+ Ke6 36. Qh3+ 1-0

[Event "Manhem Chessweek IM 2009"]
[Site "?"]
[Date "2009.08.03"]
[Round "3"]
[White "Frisk Kockum, Anton"]
[Black "Lund, Silas"]
[Result "1-0"]
[WhiteElo "2255"]
[BlackElo "2412"]
[PlyCount "211"]
[EventDate "2009.08.01"]

1. d4 Nf6 2. Nf3 e6 3. c4 b6 4. g3 Ba6 5. Qc2 c5 6. d5 exd5 7. cxd5 g6 8. Bg2
Bg7 9. O-O O-O 10. Nc3 d6 11. a4 Nbd7 12. Re1 Qe7 13. h3 Ne8 14. Bg5 f6 15. Bf4
Ne5 16. Rad1 Rb8 17. h4 Bc8 18. Qc1 a6 19. h5 gxh5 20. Nh4 Ng6 21. e4 Nxh4 22.
gxh4 Kh8 23. Rd3 b5 24. axb5 axb5 25. Rg3 b4 26. Nd1 f5 27. Qd2 Rb7 28. Bg5 Qf7
29. exf5 Bxf5 30. Ne3 Bg6 31. Nc4 Bd4 32. Re2 Ra7 33. Rf3 Qg8 34. Rxf8 Qxf8 35.
Bf4 Bf5 36. Bg3 Ra1+ 37. Kh2 Nf6 38. Bf3 Ng4+ 39. Bxg4 Bxg4 40. Bxd6 Qd8 41.
Re7 Rf1 42. Ne5 Qxe7 43. Bxe7 Rxf2+ 44. Qxf2 Bxf2 45. d6 c4 46. d7 Bxd7 47.
Nxd7 Bd4 48. Bxb4 Bxb2 49. Nc5 c3 50. Nd3 c2 51. Bd2 Ba3 52. Bh6 Kg8 53. Kg3
Kf7 54. Bg5 Ke6 55. Kf3 Kf5 56. Nc1 Bf8 57. Ne2 h6 58. Bf4 Be7 59. Nd4+ Kg6 60.
Kg3 Bc5 61. Nxc2 Bf8 62. Kf3 Be7 63. Bg3 Bd8 64. Ke4 Kf6 65. Nd4 Kg6 66. Nf5
Bf6 67. Be5 Bd8 68. Bc3 Bb6 69. Ne3 Bd8 70. Be1 Kf6 71. Nd5+ Ke6 72. Nf4+ Kd6
73. Kf5 Kc6 74. Nxh5 Bxh4 75. Bxh4 Kd5 76. Bf6 Kd6 77. Bg7 Kd5 78. Bxh6 Kd6 79.
Nf4 Ke7 80. Ke5 Kd7 81. Kd5 Ke7 82. Bg7 Kd7 83. Be5 Ke7 84. Kc6 Kd8 85. Bf6+
Kc8 86. Nd5 Kb8 87. Nc7 Kc8 88. Bd4 Kb8 89. Bc5 Kc8 90. Ba7 Kd8 91. Nd5 Ke8 92.
Kd6 Kf7 93. Ne7 Kf6 94. Be3 Kf7 95. Bd4 Ke8 96. Ke6 Kf8 97. Nf5 Ke8 98. Bf6 Kf8
99. Ng7 Kg8 100. Ke7 Kh7 101. Kf7 Kh6 102. Be7 Kh7 103. Nf5 Kh8 104. Kg6 Kg8
105. Nh6+ Kh8 106. Bf6# 1-0

[Event "Manhem Chessweek IM 2009"]
[Site "?"]
[Date "2009.08.03"]
[Round "3"]
[White "Holvason, Juri"]
[Black "Carlhammar, Magnus"]
[Result "0-1"]
[WhiteElo "2118"]
[BlackElo "2352"]
[PlyCount "116"]
[EventDate "2009.08.01"]

1. e4 c5 2. Nf3 d6 3. d4 cxd4 4. Nxd4 Nf6 5. Nc3 a6 6. Bg5 e6 7. f4 Qc7 8. Qf3
b5 9. Bd3 b4 10. Nce2 Nbd7 11. O-O-O Bb7 12. g4 d5 13. Ng3 Bc5 14. Nb3 dxe4 15.
Nxe4 Be7 16. h4 Rc8 17. Bxf6 Nxf6 18. Rh2 O-O 19. g5 Nd5 20. Rf2 a5 21. Nd4 Qb6
22. Ne2 Qe3+ 23. Kb1 Qxf3 24. Rxf3 f5 25. Nd2 Bc5 26. Rh3 Ne3 27. Rc1 Ng4 28.
Nb3 Be3 29. Nxa5 Bxc1 30. Nxb7 Bd2 31. Nd4 Nf2 32. Rf3 Nxd3 33. Rxd3 Bxf4 34.
a3 bxa3 35. Nxe6 Rb8 36. Nxf4 Rxb7 37. Rxa3 Rfb8 38. b3 Rb4 39. Nd5 Rxh4 40.
Ne7+ Kh8 41. Nxf5 Rh1+ 42. Kb2 Rf8 43. Ra5 h6 44. Nd6 Rd1 45. Nc4 Kh7 46. b4 h5
47. Re5 Kg6 48. b5 h4 49. b6 h3 50. Re2 Kxg5 51. Ne5 Rb8 52. Nc4 Rd4 53. Kc3
Rxc4+ 54. Kxc4 Rxb6 55. Kd4 Rh6 56. Ke5 Kg4 57. Re4+ Kg3 58. Kf5 h2 0-1

[Event "Manhem Chessweek IM 2009"]
[Site "?"]
[Date "2009.08.03"]
[Round "3"]
[White "Vang Glud, Jakob"]
[Black "Moberg, Karl Johan"]
[Result "1-0"]
[WhiteElo "2462"]
[BlackElo "2277"]
[PlyCount "79"]
[EventDate "2009.08.01"]

1. c4 e5 2. g3 Nf6 3. Bg2 c6 4. d4 Bb4+ 5. Bd2 Bxd2+ 6. Qxd2 d6 7. Nc3 O-O 8.
e3 Qe7 9. Nge2 e4 10. h3 h5 11. O-O Bf5 12. f4 exf3 13. Rxf3 Ne4 14. Qe1 Nxc3
15. Nxc3 Bg6 16. Qd2 Nd7 17. Rf4 Rae8 18. Re1 Qg5 19. Kh2 Qa5 20. b3 Re7 21.
Re2 Qb6 22. b4 Qc7 23. a3 Rfe8 24. e4 Nb6 25. c5 Nc4 26. Qa2 b5 27. cxb6 Nxb6
28. Rd2 Qd7 29. a4 Qe6 30. Qc2 Qd7 31. a5 Nd5 32. exd5 Bxc2 33. dxc6 Qe6 34.
Rxc2 Qb3 35. Rff2 Qxb4 36. Nd5 Qxa5 37. c7 Qxd5 38. Bxd5 Rc8 39. Rxf7 Rxf7 40.
Be6 1-0

[Event "Manhem Chessweek IM 2009"]
[Site "?"]
[Date "2009.08.04"]
[Round "4"]
[White "Svensson, Bengt"]
[Black "Vang Glud, Jakob"]
[Result "1/2-1/2"]
[WhiteElo "2389"]
[BlackElo "2462"]
[PlyCount "24"]
[EventDate "2009.08.01"]

1. e4 e5 2. Nf3 Nc6 3. Bb5 a6 4. Ba4 Nf6 5. O-O Be7 6. Re1 b5 7. Bb3 d6 8. c3
O-O 9. h3 Nb8 10. d4 Nbd7 11. c4 Bb7 12. Nc3 exd4 1/2-1/2

[Event "Manhem Chessweek IM 2009"]
[Site "?"]
[Date "2009.08.04"]
[Round "4"]
[White "Frisk Kockum, Anton"]
[Black "Figura, Atila Gajo"]
[Result "0-1"]
[WhiteElo "2255"]
[BlackElo "2436"]
[PlyCount "66"]
[EventDate "2009.08.01"]

1. d4 d5 2. Nf3 Nf6 3. c4 dxc4 4. e3 Bg4 5. Bxc4 e6 6. O-O a6 7. Qe2 Nc6 8. Rd1
Bd6 9. h3 Bh5 10. e4 Bxf3 11. Qxf3 e5 12. Qg3 O-O 13. Bh6 Nh5 14. Qg4 Nxd4 15.
Qxh5 gxh6 16. Qxh6 Kh8 17. Nc3 b5 18. Bb3 c6 19. Rd3 Qe7 20. Re1 Bb4 21. Ree3
f5 22. Qh5 f4 23. Re1 Rad8 24. Red1 f3 25. g3 Rd6 26. Kh2 Qg7 27. a3 Bc5 28.
Rxd4 Bxd4 29. Rxd4 Rxd4 30. Be6 Rd2 31. Kg1 Rxb2 32. Bf5 Rb3 33. Na2 Rb1+ 0-1

[Event "Manhem Chessweek IM 2009"]
[Site "?"]
[Date "2009.08.04"]
[Round "4"]
[White "Wengholm, Anders"]
[Black "Holvason, Juri"]
[Result "0-1"]
[WhiteElo "2175"]
[BlackElo "2118"]
[PlyCount "62"]
[EventDate "2009.08.01"]

1. Nf3 Nf6 2. c4 g6 3. Nc3 Bg7 4. e4 d6 5. d4 O-O 6. Be2 e5 7. O-O Nc6 8. d5
Ne7 9. Ne1 Nd7 10. f3 f5 11. g4 Kh8 12. Nd3 Ng8 13. Kg2 c6 14. Rb1 Ndf6 15. Nf2
Ne8 16. b4 Nh6 17. Bd2 Nf7 18. a4 Bd7 19. Nd3 Rc8 20. Qe1 Bf6 21. Be3 h5 22. h3
cxd5 23. cxd5 Bh4 24. Bf2 Bxf2 25. Nxf2 Qh4 26. Rb3 Nf6 27. Rh1 Ng5 28. b5 Kg7
29. Qd2 fxe4 30. fxe4 Rxc3 31. Rxc3 Nfxe4 0-1

[Event "Manhem Chessweek IM 2009"]
[Site "?"]
[Date "2009.08.04"]
[Round "4"]
[White "Moberg, Karl Johan"]
[Black "Nithander, Victor"]
[Result "1/2-1/2"]
[WhiteElo "2277"]
[BlackElo "2422"]
[PlyCount "120"]
[EventDate "2009.08.01"]

1. d4 Nf6 2. c4 g6 3. Nc3 Bg7 4. e4 d6 5. Nf3 O-O 6. Be2 e5 7. d5 a5 8. Bg5 h6
9. Bh4 g5 10. Bg3 Nh5 11. h4 g4 12. Nd2 Nxg3 13. fxg3 h5 14. O-O Bh6 15. Kh1
Na6 16. Bd3 c6 17. Qe2 Kg7 18. Qf2 f6 19. a3 Nc5 20. Bc2 a4 21. Na2 Bd7 22. Nb4
Rc8 23. Nb1 cxd5 24. cxd5 Qe7 25. Nc3 Rf7 26. Nd3 Nb3 27. Bxb3 axb3 28. Qe2 f5
29. exf5 Bxf5 30. Nf2 Bc2 31. Nfe4 Rcf8 32. a4 Kg6 33. Rxf7 Rxf7 34. a5 Kg7 35.
a6 bxa6 36. Qxa6 Be3 37. Qe2 Bd4 38. Kh2 Bxc3 39. Nxc3 Qf6 40. Qe3 Qh6 41.
Qxh6+ Kxh6 42. Ra6 Rf6 43. Nb5 Be4 44. Rxd6 Rxd6 45. Nxd6 Bxd5 46. Nf5+ Kh7 47.
Kg1 Bc6 48. Ne3 Kg6 49. Kf2 Kf6 50. Nf1 Bd5 51. Nd2 Ke6 52. Ke3 Kd6 53. Kd3 Kc6
54. Kc3 Kc5 55. Kd3 Kb4 56. Ke3 Bxg2 57. Nb1 Bd5 58. Nc3 Kc5 59. Na4+ Kd6 60.
Nc3 Kc5 1/2-1/2

[Event "Manhem Chessweek IM 2009"]
[Site "?"]
[Date "2009.08.04"]
[Round "4"]
[White "Lund, Silas"]
[Black "Carlhammar, Magnus"]
[Result "1-0"]
[WhiteElo "2412"]
[BlackElo "2352"]
[PlyCount "67"]
[EventDate "2009.08.01"]

1. d4 d5 2. c4 e6 3. Nc3 Be7 4. Nf3 Nf6 5. Bf4 O-O 6. e3 c5 7. dxc5 Bxc5 8.
cxd5 Nxd5 9. Nxd5 exd5 10. a3 Nc6 11. Bd3 Be7 12. O-O Bf6 13. Rc1 Be6 14. b4 a6
15. Rc5 g6 16. Qc1 Qe7 17. h3 Rfc8 18. Qd2 a5 19. Rfc1 axb4 20. axb4 Ra1 21.
Rxa1 Bxa1 22. Qc1 Bf6 23. b5 Na7 24. Bc7 Ra8 25. Nd4 Qe8 26. Bg3 Bxd4 27. exd4
b6 28. Rc7 Nxb5 29. Bxb5 Qxb5 30. Be5 Qe8 31. Qg5 Qd8 32. Re7 Kf8 33. Qf6 h5
34. Rxe6 1-0

[Event "Manhem Chessweek IM 2009"]
[Site "?"]
[Date "2009.08.05"]
[Round "5"]
[White "Vang Glud, Jakob"]
[Black "Frisk Kockum, Anton"]
[Result "1-0"]
[WhiteElo "2462"]
[BlackElo "2255"]
[PlyCount "119"]
[EventDate "2009.08.01"]

1. c4 f5 2. g3 Nf6 3. Bg2 e6 4. Nf3 d5 5. O-O Bd6 6. d3 O-O 7. Nc3 Nc6 8. cxd5
exd5 9. Bg5 d4 10. Nd5 Be7 11. Nxe7+ Qxe7 12. Qb3+ Kh8 13. Rac1 a5 14. Qb5 Ra6
15. Qc5 Qxc5 16. Rxc5 Be6 17. Rb5 Rb6 18. Rxb6 cxb6 19. a3 Bd5 20. Rc1 Nd7 21.
Ne5 Ndxe5 22. Bxd5 h6 23. Bf4 Re8 24. Kf1 Kh7 25. h4 Rd8 26. Bg2 Rd7 27. h5 g5
28. hxg6+ Kxg6 29. b4 axb4 30. axb4 Re7 31. b5 Nd8 32. Rc8 Ndf7 33. Rb8 Kf6 34.
Bxb7 Nd7 35. Ra8 Nc5 36. Bd5 Ng5 37. Rb8 Na4 38. Bc4 Ne6 39. Bxh6 Rh7 40. Bd2
Rh1+ 41. Kg2 Rb1 42. Rh8 Nec5 43. Rh6+ Ke7 44. Bg5+ Kd7 45. Rh7+ Kc8 46. Bf6
Nc3 47. Kf3 Nxb5 48. Bxb5 Rxb5 49. Bxd4 Ne6 50. Bf6 Rb1 51. Re7 Nc7 52. Re5 Kd7
53. Rxf5 Ke6 54. g4 b5 55. Bd8 Ne8 56. e4 b4 57. Rb5 b3 58. g5 b2 59. Bf6 Nxf6
60. Rb6+ 1-0

[Event "Manhem Chessweek IM 2009"]
[Site "?"]
[Date "2009.08.05"]
[Round "5"]
[White "Nithander, Victor"]
[Black "Svensson, Bengt"]
[Result "1-0"]
[WhiteElo "2422"]
[BlackElo "2389"]
[PlyCount "113"]
[EventDate "2009.08.01"]

1. e4 c5 2. Nf3 d6 3. d4 cxd4 4. Nxd4 Nf6 5. Nc3 g6 6. Be3 Bg7 7. f3 a6 8. Qd2
Nbd7 9. Be2 b5 10. a4 bxa4 11. Nxa4 Bb7 12. c4 O-O 13. O-O Qc7 14. Rfc1 Rfd8
15. Qe1 Nc5 16. b4 Nxa4 17. Rxa4 Nd7 18. Qf2 Rdc8 19. Nb3 Bc6 20. Ra2 Qb8 21.
Bd2 Ne5 22. Na5 Bd7 23. c5 Bb5 24. f4 Nc6 25. Nxc6 Bxc6 26. Bf3 Qb7 27. Rac2
Ba4 28. e5 d5 29. Ra2 Bb5 30. Bc3 e6 31. Bd4 Bh6 32. g3 Bf8 33. h4 h5 34. Qd2
Be7 35. Kg2 Kg7 36. Ra3 Rab8 37. Rb1 Bc4 38. Rb2 Kg8 39. Qd1 Kg7 40. Kh2 Qb5
41. Qd2 Bd8 42. Bd1 Kg8 43. f5 exf5 44. Qh6 Qe8 45. e6 f6 46. Ba4 Rb5 47. Bxb5
Bxb5 48. e7 Bxe7 49. Re3 Qf7 50. Rxe7 Qxe7 51. Qxg6+ Qg7 52. Qxf5 Rc6 53. Rf2
Qh7 54. Qxd5+ Qf7 55. Qf5 Kg7 56. Bxf6+ Rxf6 57. Qg5+ 1-0

[Event "Manhem Chessweek IM 2009"]
[Site "?"]
[Date "2009.08.05"]
[Round "5"]
[White "Figura, Atila Gajo"]
[Black "Lund, Silas"]
[Result "1-0"]
[WhiteElo "2436"]
[BlackElo "2412"]
[PlyCount "163"]
[EventDate "2009.08.01"]

1. d4 d5 2. c4 c6 3. Nc3 Nf6 4. Nf3 a6 5. c5 g6 6. Bf4 Bg7 7. e3 Nbd7 8. Bd3
O-O 9. b4 Ne8 10. Qb3 e5 11. Bxe5 Nxe5 12. dxe5 Bg4 13. Nd4 Bxe5 14. f3 Qh4+
15. Kf1 Bxd4 16. exd4 Qf6 17. Ne2 Bxf3 18. gxf3 Qxf3+ 19. Kg1 Nf6 20. Rf1 Qg4+
21. Kf2 Rae8 22. Ke1 Qxd4 23. Kd1 Qe5 24. Qc3 Qxc3 25. Nxc3 Ng4 26. Kd2 f5 27.
Ne2 Ne5 28. Rhg1 Nxd3 29. Kxd3 Rf6 30. Nd4 Kf7 31. h4 Re4 32. h5 Rh4 33. hxg6+
hxg6 34. Rh1 Rxh1 35. Rxh1 Kg7 36. Nf3 f4 37. Re1 Rf7 38. Kd4 Kf6 39. Re8 Kf5
40. Rg8 Rf6 41. Rg7 Kg4 42. Ne5+ Kh3 43. Rxb7 Kg3 44. Ra7 f3 45. Nxf3 Kxf3 46.
Rxa6 g5 47. Ke5 Rf4 48. Rxc6 g4 49. Kxd5 g3 50. Rg6 Rxb4 51. c6 Rb5+ 52. Kd6
Rb2 53. c7 Rd2+ 54. Ke7 Re2+ 55. Kd7 Rd2+ 56. Rd6 Rxd6+ 57. Kxd6 g2 58. c8=Q
g1=Q 59. Qf5+ Ke2 60. Qe4+ Kd2 61. Qd5+ Ke2 62. a4 Qb6+ 63. Qc6 Qd4+ 64. Kc7
Qa7+ 65. Kc8 Kd3 66. Qb5+ Kc3 67. a5 Qa8+ 68. Kc7 Qa7+ 69. Kd6 Qd4+ 70. Kc6
Qf6+ 71. Kc7 Qe7+ 72. Kc8 Qf8+ 73. Kb7 Qe7+ 74. Ka6 Qc7 75. Qb6 Qc8+ 76. Ka7
Kc2 77. a6 Kc1 78. Qd6 Kc2 79. Kb6 Qg8 80. a7 Qb3+ 81. Ka6 Qa3+ 82. Qxa3 1-0

[Event "Manhem Chessweek IM 2009"]
[Site "?"]
[Date "2009.08.05"]
[Round "5"]
[White "Holvason, Juri"]
[Black "Moberg, Karl Johan"]
[Result "1/2-1/2"]
[WhiteElo "2118"]
[BlackElo "2277"]
[PlyCount "97"]
[EventDate "2009.08.01"]

1. e4 e5 2. Nf3 Nc6 3. d4 exd4 4. Nxd4 Nf6 5. Nxc6 bxc6 6. e5 Qe7 7. Qe2 Nd5 8.
c4 Nb6 9. Nc3 Qe6 10. Qe4 d5 11. exd6 cxd6 12. Be2 Qxe4 13. Nxe4 Bf5 14. Ng3
Be6 15. b3 d5 16. O-O dxc4 17. bxc4 Be7 18. Be3 O-O 19. Rfc1 Rfd8 20. a4 Nd7
21. Rab1 Nc5 22. Bf3 Rac8 23. a5 Rd3 24. Ne2 Nb3 25. Rxb3 Rxb3 26. Nd4 Ra3 27.
Nxc6 Bf6 28. g4 a6 29. g5 Rxe3 30. fxe3 Bxg5 31. Kf2 Bd7 32. Ne5 Re8 33. Rd1
Rxe5 34. Rxd7 Rxa5 35. Bd5 g6 36. Kf3 Ra3 37. Rxf7 Kh8 38. Rf8+ Kg7 39. Rc8 Rc3
40. Ke2 a5 41. Kd2 Rb3 42. h4 Bxh4 43. e4 a4 44. e5 a3 45. Ra8 Be7 46. Ra7 Kf8
47. Ra8+ Kg7 48. Ra7 Kf8 49. Ra8+ 1/2-1/2